Adam Sandler - Roles by Picture - Statistics

General Stats
  • This quiz has been taken 78 times
    43 since last reset
  • The average score is 8 of 69
Answer Stats
Picture Answer % Correct
Happy Gilmore
74%
Count 'Drac' Dracula
59%
Jill Sadelstein
56%
Zohanele 'Zohan' Dvir
41%
Leo
38%
Billy Madison
35%
Jack Sadelstein
32%
Nicky
32%
Bobby Boucher
26%
Longfellow Deeds
26%
Nick Spitz
26%
Donny Berger
21%
Hubie Dubois
21%
Lenny Feder
21%
Henry Roth
18%
Howard Ratner
15%
Paul Crewe
15%
Robbie Hart
15%
Sandy Wexler
15%
Dave Buznik
12%
Dink the Clown
12%
Pip
12%
Satan
12%
Sonny Koufax
12%
Stanley Sugarman
12%
Whitey Duvall
12%
Carmine Weiner
9%
Chuck Levine
9%
Davey Stone
9%
Jakub Procházka
9%
Louie Capshaw
9%
Smitty
9%
Archie Moses
6%
Barry Egan
6%
Danny Meyerowitz
6%
Dr. Daniel 'Danny' Maccabee
6%
Eleanore Duvall
6%
John Clasky
6%
Kenny Lustig
6%
Michael Newman
6%
Opera Man
6%
Ron Goldman
6%
Sam Brenner
6%
Schecky Moskowitz
6%
Tommy 'White Knife' Dunson Stockburn
6%
Townie
6%
Cajun Man
3%
Canteen Boy
3%
Charlie Fineman
3%
Danny Friedman
3%
Donald the Monkey
3%
Don Truby
3%
George Simmons
3%
Jim Friedman
3%
Mambuza Bongo Guy
3%
Max
3%
Max Simkin
3%
Skeeter Bronson
3%
Audience McGee
0%
Gil Graham
0%
Hank Gelfand
0%
Jimmy Landers
0%
Lucy of the Gap Girls
0%
Pedro
0%
Sleepyhead
0%
Steve Polychronopolous
0%
The Herlihy Boy
0%
The Peeper
0%
Tony Vallencourt
0%
No matching quizzes found
Score Distribution
Percent of People with Each Score
Percentile by Number Answered
Your Score History
You have not taken this quiz since the last reset